000 005370000a22001810004500
003 MACL
005 20160527154809.0
008 160527b xxu||||| |||| 00| 0 eng d
040 _aMACL
_cMACL
041 _aHindi
082 _a891.433 NAI
100 _aनैयर, रमेश
_958009
245 _aकथा यात्रा
_cरमेश नैयर
260 _bग्रंथ अकादमी
_c2003
_aनई दिल्‍ली
350 _a200
650 _aStories
_960285
942 _cHIN
_k891.433/NAI/S
_2ddc
999 _c10356
_d10356